Design of concrete structures (Record no. 3622)

000 -LEADER
fixed length control field 00547nam a22002057a 4500
001 - CONTROL NUMBER
control field 3622
003 - CONTROL NUMBER IDENTIFIER
control field BD-DhUET
008 - FIXED-LENGTH DATA ELEMENTS--GENERAL INFORMATION
fixed length control field 141102b xxu||||| |||| 00| 0 eng d
040 ## - CATALOGING SOURCE
Transcribing agency 0
Modifying agency BD-DhUET
082 ## - DEWEY DECIMAL CLASSIFICATION NUMBER
Classification number 624.183
Item number WIN/1972
100 ## - MAIN ENTRY--PERSONAL NAME
Personal name Winter, George
245 ## - TITLE STATEMENT
Title Design of concrete structures
Statement of responsibility, etc. by George Winter and Arthur H. Nilson
250 ## - EDITION STATEMENT
Edition statement 8th ed.
260 ## - PUBLICATION, DISTRIBUTION, ETC. (IMPRINT)
Place of publication, distribution, etc. New York
Name of publisher, distributor, etc. McGraw-Hill
Date of publication, distribution, etc. 1972
300 ## - PHYSICAL DESCRIPTION
Extent xii,615p.
504 ## - BIBLIOGRAPHY, ETC. NOTE
Bibliography, etc Includes bibliographies
650 #0 - SUBJECT ADDED ENTRY--TOPICAL TERM
Topical term or geographic name as entry element Reinforced concrete
700 ## - ADDED ENTRY--PERSONAL NAME
Personal name Nilson, Arthur H.
942 ## - ADDED ENTRY ELEMENTS (KOHA)
Koha item type General Book
Holdings
Koha full call number Shelving location Koha normalized classification for sorting Koha date last borrowed Koha item type Piece designation (barcode) Price effective from Date acquired Not for loan Koha issues (times borrowed) Copy number Location (home branch) Damaged status Lost status Withdrawn status Source of classification or shelving scheme Sublocation or collection (holding branch) Koha date last seen
624.183/WIN/1972Circulation section624_183000000000000_WIN_19722025-05-26General Book398702014-11-022014-11-02 21Central Library, BUET    Central Library, BUET2025-06-18
624.183/WIN/1972Circulation section624_000000000000000_183WIN19722025-05-26General Book442532014-11-022014-11-02 12Central Library, BUET    Central Library, BUET2025-05-28
624.183/WIN/1972Circulation section624_000000000000000_183WIN1972 General Book398692014-11-182014-11-18  3Central Library, BUET    Central Library, BUET2014-11-18
624.183/WIN/1972Circulation section624_000000000000000_183WIN1972 General Book398712014-11-182014-11-18  4Central Library, BUET    Central Library, BUET2014-11-18
624.183/WIN/1972Circulation section624_183000000000000_WIN_19722025-05-27General Book428442015-02-222015-02-22 25Central Library, BUET    Central Library, BUET2025-06-28
624.183/WIN/1972Circulation section624_183000000000000_WIN_1972 General Book549302015-02-222015-02-22  6Central Library, BUET    Central Library, BUET2015-02-22
624.183/WIN/1972Circulation section624_183000000000000_WIN_19722025-05-26General Book451122015-05-072015-05-07 17Central Library, BUET    Central Library, BUET2025-05-27